| 000 | 00458nam a22001697a 4500 | ||
|---|---|---|---|
| 003 | NUST - PNEC | ||
| 005 | 20170116181045.0 | ||
| 008 | 150924b xxu||||| |||| 00| 0 eng d | ||
| 020 | _a0072321059 | ||
| 040 | _cLIBRARY | ||
| 082 | _a621.3822 MIT | ||
| 100 |
_911708 _aMitra, Sanjit Kumar |
||
| 245 |
_aDigital signal processing : a computer-based approach _c Sanjit Kumar,Mitra, |
||
| 250 | _a2nd ed | ||
| 650 |
_911709 _aMATLAB _xAS/MS |
||
| 942 |
_2ddc _cBK |
||
| 999 |
_c68236 _d68236 |
||